| 000 | 00669nam a22001697a 4500 | ||
|---|---|---|---|
| 999 |
_c12462 _d12462 |
||
| 008 | 190125b ||||| |||| 00| 0 eng d | ||
| 082 |
_22018 _aUT 1171 _bB36 |
||
| 100 |
_aBayon-on, Ma. Carmela P. _935125 |
||
| 245 |
_aAttitudes and performance in problem solving of grade 10 students / _cMa. Carmela P. Bayon-on, ReyneliƱ Q. Senarillos, and Manuel Jr. O. Lusbog |
||
| 260 |
_aDigos City: _bUMDC _cNovember 2018. |
||
| 300 |
_a60 pages; _c30 cm. |
||
| 650 |
_aEducation _vMathematics _xUndergraduate thesis. _935126 |
||
| 700 |
_aBayon-on, Ma. Carmela P. _935125 |
||
| 700 |
_aSenarillos, ReyneliƱ Q. _935127 |
||
| 700 |
_aLusbog, Manuel Jr. O. _935128 |
||
| 942 |
_2ddc _cUT |
||